Last 15 Super Bowl Host Cities - Statistics

General Stats
  • This quiz has been taken 20 times
  • The average score is 14 of 15
Answer Stats
Season City % Correct
2022 Los Angeles
100%
2017 Houston
94%
2020 Miami
94%
2025 New Orleans
94%
2013 New Orleans
94%
2014 New York City
94%
2023 Phoenix
94%
2015 Phoenix
94%
2016 San Francisco
94%
2011 Dallas
89%
2024 Las Vegas
89%
2021 Tampa
89%
2019 Atlanta
83%
2012 Indianapolis
78%
2018 Minneapolis
78%
No matching quizzes found
Score Distribution
Percent of People with Each Score
Percentile by Number Answered
Your Score History
You have not taken this quiz